000 005850000a22001810004500
003 MACL
005 20160608145306.0
008 160608b xxu||||| |||| 00| 0 eng d
040 _aMACL
_cMACL
041 _aHindi
082 _a954
100 _aझा, कृपाकान्‍त
_957864
245 _a1857 के महान क्रांतिकारी
_cकृपाकान्‍त झा
260 _bलिट्रेसी हाउस
_c2001
_aनई दिल्‍ली
350 _a200
650 _aIndian History
_9227
942 _cHIN
_k954,0381
_2ddc
999 _c9137
_d9137